| 000 | 01536nac a22002411u 4500 | ||
|---|---|---|---|
| 008 | 100721s1990 sy||||| |||| 00| 0 ara d | ||
| 082 |
_a240 _bن س ي _222 |
||
| 100 |
_aالنسفي ، أبى المعين ميمون بن محمد _916559 _d -508ه |
||
| 110 |
_aالمعهد العلمى الفرنسي للدراسات العربية _916561 |
||
| 245 |
_aتبصرة الأدلة : _bفى اصول الدين على طريقة الإمام أبى منصور الماتريدي / _cتأليف أبي المعين ميمون بن محمد النسفي ؛ تحقيق وتعليق كلود سلامة |
||
| 260 |
_aدمشق : _bالمعهد العلمى الفرنسى للدراسات العربية ، 1990-1993 _c1990-1993 |
||
| 300 |
_a2 مج؛ _c24 سم. |
||
| 500 | _aيشتمل على كشافات | ||
| 500 | _aيحتوى على صفحة عنوان ومقدمة باللغة الفرنسية | ||
| 511 | _aCatalogued by: Sara | ||
| 541 |
_aالف باء ؛ _cشراء ؛ |
||
| 600 |
_916688 _aالماتريدي، محمد بن محمد |
||
| 650 |
_aعلم الكلام _916065 |
||
| 700 |
_aسلامة ، كلود _916565 _eتحقيق وتعليق |
||
| 942 |
_cBB _k240 ن س ي _2ddc |
||
| 999 |
_c7466 _d7466 |
||